000 00663nam a2200241Ia 4500
003 OSt
005 20220918210819.0
006 a|||||r|||| 00| 0
007 ta
008 220917b |||||||| |||| 00| 0 eng d
024 _a122,141
037 _cTextual
040 _aARTS
_cARTS
_beng
041 _2eng
_aeng
082 _aV8:1:N5, K4
100 _aReese Trevor R
_9100294
245 0 _aAustralia in the tweetieth century
_b A political history
260 _aNA
_bNA
_c1964
490 _aPall Mall series of short politics guides
650 _aHISTORY
942 _hV8:1:N5, K4
_cTEXL
_2CC
999 _c245333
_d245333